Divergent Factions Multi-Column Match Quiz Stats

 Plays Quiz Updated Mar 18, 2014

Support Sporcle.
Go Orange.
Score 0/5 Timer 04:00
2 Plays Today
% Correct
Dauntless
94.3%
Amity
89.1%
Abnegation
89%
Erudite
86.4%
Candor
84.2%

From the Vault

US Presidents To-Do Lists II

by Thebiguglyalien

History 6m
Note to self: create cabinet position for Secretary of Breakfast.
Remove Ads.
Support Sporcle.
Get the best of Sporcle when you Go Orange. This ad-free experience offers more features, more stats, and more fun while also helping to support Sporcle. Thank you for becoming a member.

Show Comments

Extras

Top Quizzes Today


Score Distribution

Your Account Isn't Verified!

In order to create a playlist on Sporcle, you need to verify the email address you used during registration. Go to your Sporcle Settings to finish the process.

Report this User

Report this user for behavior that violates our Community Guidelines.

Details: